Where’d You Go - Fort Minor (All Lyrics) - Statistics

General Stats
  • This quiz has been taken 7 times
  • The average score is 335 of 464
Answer Stats
Answer % Correct
a
100%
an
100%
be
100%
day
100%
days
100%
go?
100%
have
100%
I
100%
it
100%
It
100%
it’s
100%
miss
100%
no
100%
so
100%
“Some
100%
Some
100%
That
100%
that
100%
the
100%
to
100%
where
100%
Where’d
100%
you
100%
You
100%
your
100%
all
80%
alone
80%
and
80%
And
80%
back
80%
back,
80%
been
80%
can
80%
come
80%
don’t
80%
Don’t
80%
feel
80%
for
80%
For
80%
forever
80%
gone
80%
home
80%
I’ll
80%
I’m
80%
in
80%
I’ve
80%
just
80%
like
80%
Please
80%
said,
80%
She
80%
why
80%
you’re
80%
you’ve
80%
along
60%
always
60%
at
60%
bit
60%
get
60%
got
60%
had
60%
if
60%
know
60%
long
60%
me
60%
Me
60%
my
60%
normal
60%
not
60%
now,
60%
one
60%
quit,
60%
say,
60%
say
60%
Seems
60%
seems
60%
shit”
60%
up
60%
wanna
60%
what
60%
anything
40%
burgers
40%
but
40%
But
40%
by
40%
call,
40%
call
40%
career
40%
’Cause
40%
debating
40%
every
40%
find
40%
fucked
40%
here
40%
idiot
40%
keep
40%
little
40%
live?
40%
longer
40%
myself
40%
of
40%
once
40%
phone
40%
pick
40%
really
40%
stay
40%
stop
40%
stuck
40%
tell
40%
thing
40%
’til
40%
time
40%
times
40%
trips
40%
true
40%
understand
40%
waiting,
40%
want
40%
way
40%
when
40%
When
40%
while
40%
with
40%
With
40%
won’t
40%
around
20%
around,
20%
barbeque
20%
candy
20%
doing
20%
excuses
20%
family
20%
feeling
20%
filling
20%
fine
20%
from
20%
guess
20%
Halloween
20%
has
20%
hating
20%
helps
20%
making
20%
mind
20%
much
20%
only
20%
party
20%
pile
20%
place
20%
planning
20%
rest
20%
ribs
20%
sing
20%
singing
20%
sitting
20%
something
20%
Telling
20%
these
20%
thought
20%
Tired
20%
tryna
20%
used
20%
Used
20%
useless
20%
voice
20%
Working
20%
No matching quizzes found
Score Distribution
Percent of People with Each Score
Percentile by Number Answered
Your Score History
You have not taken this quiz